| 000 | 00355cam a2200145ua 4500 | ||
|---|---|---|---|
| 041 |
_aeng _h |
||
| 082 |
_a371.8 _bADA/ST |
||
| 100 | _aAdams, John . | ||
| 245 |
_aStudents guide / _cJohn Adams. _hTextual Documents |
||
| 260 |
_aLondon : _bEnglish Universities Press , _c1964. |
||
| 300 | _a254 ; . | ||
| 504 | _a | ||
| 942 | _cBK | ||
| 999 |
_c10487 _d10487 |
||